000 00359nam a2200145Ia 4500
008 231129s1991||||xx |||||||||||||| ||spa||
020 _a958-90-33 (v.
040 _bspa
082 _a468 P438e
100 _aPerez Mesa Mario E
245 0 _aEspaƱol activo
260 _c1991
264 _aCodecal
942 _2ddc
_cBKS
999 _c13427
_d13427